|
|
|
|
| LEADER |
01017nam a2200265 a 4500 |
| 001 |
c000019234 |
| 003 |
CARM |
| 005 |
00000000000000.0 |
| 008 |
s1948 mauab b 00000 eng d |
| 010 |
|
|
|a 48007715
|
| 019 |
1 |
|
|a 7944736
|5 LACONCORD2021
|
| 035 |
|
|
|a (OCoLC)1126441
|5 LACONCORD2021
|
| 050 |
0 |
0 |
|a NA9050
|b .B7
|
| 100 |
1 |
|
|a Branch, Melville C.
|q (Melville Campbell),
|d 1913-
|
| 245 |
1 |
0 |
|a Aerial photography in urban planning and research.
|c Illus. by the author.
|
| 260 |
|
|
|a Cambridge,
|b Harvard Univ. Press,
|c 1948.
|
| 300 |
|
|
|a 150 p.
|b illus., maps, diagrs.
|c 28 cm.
|
| 440 |
|
|
|a Harvard city planning studies,
|v 14
|
| 504 |
|
|
|a Bibliographical references in "Notes": p. [123]-144.
|
| 650 |
|
0 |
|a City planning.
|
| 650 |
|
0 |
|a Aerial photography.
|
| 852 |
8 |
|
|b CARM
|h A2:AQ15C2
|i D04367
|p 0190183
|f BK
|
| 082 |
0 |
4 |
|a 711.4
|
| 999 |
f |
f |
|i 8de002b9-3d1d-5216-93cc-d0db24582bbc
|s 97b08158-9aa0-5298-838c-5990a09342ac
|
| 952 |
f |
f |
|p Can circulate
|a CAVAL
|b CAVAL
|c CAVAL
|d CARM 1 Store
|e D04367
|f A2:AQ15C2
|h Other scheme
|i book
|m 0190183
|